Handbook of electronic tables and formulas (Record no. 29476)

MARC details
000 -LEADER
fixed length control field 00320nam a2200121Ia 4500
082 ## - DEWEY DECIMAL CLASSIFICATION NUMBER
Classification number 621.38(083.4)
Item number HER
245 #0 - TITLE STATEMENT
Title Handbook of electronic tables and formulas
260 ## - PUBLICATION, DISTRIBUTION, ETC. (IMPRINT)
Place of publication Bombay
Name of publisher Taraporevala
Year of publication 1976
700 ## - ADDED ENTRY--PERSONAL NAME
Personal name Meachem, Donald
700 ## - ADDED ENTRY--PERSONAL NAME
Personal name Stanley
942 ## - ADDED ENTRY ELEMENTS (KOHA)
Koha item type Books
Holdings
Withdrawn status Lost status Damaged status Not for loan Home library Current library Date acquired Full call number Accession Number Koha item type
        RRII Library RRII Library 16/12/2021 621.38(083.4) HER 10063 Books